000 00696nam a2200229 i 4500
001 13961
003 ES-MaACL
005 20230906150712.0
007 t|
008 980825s1997 sp ||||1| spa d
020 _a84-922662-1-X
080 _a821.134.2-14"19"
100 1 _aLeón Vázquez, Laura.
_971651
245 1 0 _aAl fondo hay sitio /
_cLaura León Vázquez.
260 _aMadrid :
_bAsociación Colegial de Escritores de España,
_c1997.
300 _a70 p. ;
_c20 cm.
490 1 _aNuevos escritores ;
_v3
710 2 _aAsociación Colegial de Escritores de España.
_91522
830 0 _aNuevos escritores ;
_v3
_9179572
852 _aES-MaACL
_jL-21351
999 _c13961
_d13961